000 00297nam a2200109Ia 4500
008 171211s9999 xx 000 0 und d
245 _aFresh Dialogue 6: Friendly Fire
245 _cAIGA New York Chapter
260 _c2006
650 _xART
856 _uhttp://down.ebook777.com/062/1568985827.pdf
999 _c348573
_d348573